International financial reporting standards (IFRSs) 2004 :including International accounting standards (IASs) and interpretations as at 31 March 2004. (Record no. 1640)

000 -LEADER
fixed length control field 01100cam a2200289 4500
001 - CONTROL NUMBER
control field 14131315
003 - CONTROL NUMBER IDENTIFIER
control field OSt
005 - DATE AND TIME OF LATEST TRANSACTION
control field 20150417103344.0
008 - FIXED-LENGTH DATA ELEMENTS--GENERAL INFORMATION
fixed length control field 040902s2004 enk b 001 0 eng d
010 ## - LIBRARY OF CONGRESS CONTROL NUMBER
LC control number 2005432924
015 ## - NATIONAL BIBLIOGRAPHY NUMBER
National bibliography number GBA3-54504
020 ## - INTERNATIONAL STANDARD BOOK NUMBER
International Standard Book Number 190423044X
035 ## - SYSTEM CONTROL NUMBER
System control number (OCoLC)ocm57051628
040 ## - CATALOGING SOURCE
Original cataloging agency CUD
Transcribing agency CUD
Modifying agency OCLCQ
-- DLC
050 00 - LIBRARY OF CONGRESS CALL NUMBER
Classification number HF5626.I58377 2004
082 00 - DEWEY DECIMAL CLASSIFICATION NUMBER
Classification number 657/.30218
Edition number 22
245 00 - TITLE STATEMENT
Title International financial reporting standards (IFRSs) 2004 :including International accounting standards (IASs) and interpretations as at 31 March 2004.
260 ## - PUBLICATION, DISTRIBUTION, ETC. (IMPRINT)
Place of publication, distribution, etc London :
Name of publisher, distributor, etc International Accounting Standards Board,
Date of publication, distribution, etc 2004.
300 ## - PHYSICAL DESCRIPTION
Extent xx, 2250 p. ;
Dimensions 25 cm.
500 ## - GENERAL NOTE
General note "The full text of all International reporting standards extant at 31 March 2004."
504 ## - BIBLIOGRAPHY, ETC. NOTE
Bibliography, etc Includes bibliographic references and index.
650 #0 - SUBJECT ADDED ENTRY--TOPICAL TERM
Topical term or geographic name as entry element Accounting
General subdivision Standards.
710 2# - ADDED ENTRY--CORPORATE NAME
Corporate name or jurisdiction name as entry element International Accounting Standards Board.
906 ## - LOCAL DATA ELEMENT F, LDF (RLIN)
a 7
b cbc
c copycat
d 2
e ncip
f 20
g y-gencatlg
942 ## - ADDED ENTRY ELEMENTS (KOHA)
Source of classification or shelving scheme
Koha item type Book
Holdings
Withdrawn status Lost status Source of classification or shelving scheme Damaged status Not for loan Home library Current library Shelving location Date acquired Total Checkouts Full call number Barcode Date last seen Date checked out Copy number Price effective from Koha item type
          Riara University Library Riara University Library General stack 17/04/2015 1 HF5626.I58377 2004 5611/15 22/04/2015 22/04/2015 C. 1 17/04/2015 Book

Riara University Library,
P.O. Box 49940-00100,
Nairobi, Kenya.